| 000 | 01382cam a22003253a 4500 | ||
|---|---|---|---|
| 001 | 20785 | ||
| 003 | BD-RjUL | ||
| 005 | 20211209000618.0 | ||
| 008 | 140030r19531901enk 000 0deng | ||
| 035 | _a(BD-RjUL)20847 | ||
| 040 |
_aDLC _cDLC _beng _dBD-RjUL |
||
| 041 | _aeng | ||
| 082 |
_a822.91 _bSHA 1953 |
||
| 100 | 1 |
_aShaw, Bernard. _964190 |
|
| 245 | 0 | 0 |
_aArms and the man : _ban anti-romantic comedy in three acts / _cGeorge Bernard Shaw |
| 260 |
_cLondon : _aConstable and Company, _b[Reprinted 1953]. |
||
| 300 |
_a71 p. ; _c20 cm. |
||
| 500 | _aArena Stage, opening date April 21, 1953. | ||
| 500 | _aCast: Frances Sternhagen, Anne Leslie, Marian Reardon, Stanley Pitts, Joseph Gistirak, Allen Joseph, Henry Oliver, George Grizzard. | ||
| 500 | _aTitle devised by Library staff. | ||
| 500 |
_aLC copy has some notations by Coe. _5DLC |
||
| 520 | _aArena Stage, Zelda Fichandler and Alan Schneider, present "Arms and the Man," by George Bernard Shaw, directed by Basil Langton, setting by Marshall Yokelson, lighting by Leo Gallenstein. | ||
| 580 | _aIn: Richard L. Coe Theater Programs Collection (Library of Congress). | ||
| 650 | 0 |
_aEnglish Drama. _964191 |
|
| 655 | 7 |
_aTheater programs _zWashington (D.C.). _2rbgenr _915713 |
|
| 655 | 7 |
_aTheater programs _2rbgenr _964193 |
|
| 942 |
_2ddc _cBK |
||
| 999 |
_c20785 _d20785 |
||